| 000 | 00376nam a2200145Ia 4500 | ||
|---|---|---|---|
| 005 | 20251222144844.0 | ||
| 008 | 251222s9999||||xx |||||||||||||| ||spa|| | ||
| 020 | _a968-880-116-X | ||
| 082 | _a658.403/M97 | ||
| 100 | _aMurdick, Robert G. | ||
| 245 | 0 | _aSistemas de Información Administrativa | |
| 250 | _a2a.ed. | ||
| 264 | _bPRENTICE-HALL HISPANOAMERICANA | ||
| 942 | _cLIB | ||
| 999 |
_c21327 _d21327 |
||